000 01056nam a2200277 i 4500
001 000029551
003 DO-SdBNP
005 20240305130541.0
007 ta
008 110401s1977 dr a 000 j spa d
040 _aDO-SdBNP
_bspa
_cBNPHU
_erda
082 4 _aRD863.44
_bT231j
_222
245 0 0 _aJuan Bobo y otros cuentos folklóricos dominicanos /
_cselección y adaptación : Juan Tomás Tavares K. ; ilustración de Fausto Ferreres.
264 _aSanto Domingo :
_bSociedad Dominicana de Bibliófilos,
_c1977.
300 _a51 páginas :
_bilustraciones ;
_c23 cm.
336 _atexto
_btxt
_2rdacontent
337 _asin mediación
_bn
_2rdamedia
338 _avolumen
_bnc
_2rdacarrier
590 _aInventariado, 2023 /LP
650 4 _a Cuentos populares dominicanos
_983817
650 4 _aLiteratura folclórica dominicana
_926923
700 1 _aTavares K., Juan Tomás,
_d1953-
_eselección y adaptación
_948925
700 1 _aFerreres, Fausto,
_e ilustraciónes
_956388
910 _aLP/Validado. Control de calidad MFF
942 _2ddc
_cLBS1
999 _c29043
_d29043